000 00470nam a2200157Ia 4500
008 100122s9999 xx 000 0 und d
082 _b10806
_a780.72
100 _aदेशपांडे वामन हरि
245 _aघरंदाज गायकी
250 _a1
260 _bमौज प्रकाशन
_c1961
300 _a133
630 _aघरंदाज गायकी
730 _aघरंदाज गायकी
942 _cBOOK
999 _c402388
_d402385